LEADER 01921nam a2200277 a 4500 001 000000115669 003 CaOOAMICUS 005 20090514122112.0 008 090514s2008 ne u000 u eng r 020 $z978-90-411-2752-5* 040 $aPUL$bita$dLDB 100 1 $aZelst, Bastiaan van.,$d1981-$0(OLS)http://pul/name/71730 245 14$aThe politics of european sales law :$ba legal-political inquiry into the drafting of the uniform commercial code, the Vienna Sales Convention, the dutch Civil Code and the European Consumer Sales Directive in the context of the europeanization of contract law /$cBastiaan val Zelst. 260 $aAlphen aan den Rijn :$bKluwer Law International ,$cc2008. 300 $axxii, 265 p. ;$c24 cm. 490 1 $aPrivate law in european context series ;$v14 500 $aSottotitolo della cop. :"A legal-political inquiry into the drafting of the Uniform Commercial Code, the Vienna Sales Convention, the Dutch Civil Code and the European Sales Directive in the context of the Europeanization of private law". 504 $aBibliografia: p. [247]-260. 650 4$aDiritto commerciale$zEuropa.$0(OLS)http://pul/subject/29785 830 0$aPrivate law in european context series ;$v14.$0(OLS)http://pul/title/145309 850 $aPUL 852 $aPUL$W1$xSL Diritto e Scienze Sociali 3$y79$m341. 12 VANBA 1$j132487$qDDC 21$B131485$CPULBib$Z2$F131485 $H110168 $82 941 1 $a9 996 $6020$z978-90-411-2752-5*$9(OLS)http://pul/number/140677 996 $6245$aThe politics of european sales law :$ba legal-political inquiry into the drafting of the uniform commercial code, the Vienna Sales Convention, the dutch Civil Code and the European Consumer Sales Directive in the context of the europeanization of contract law $9(OLS)http://pul/title/145334 996 $6260$aAlphen aan den Rijn :$bKluwer Law International $9(OLS)http://pul/publisher/79602 LEADER 01531nam a2200325 a 4500 001 000000175474 003 CaOOAMICUS 005 20221007165455.0 006 a 000 u 008 221007s2021 it u000 u ita r 020 $a978-88-343-4577-1* 032 $aLibriCat 040 $aPUL$bita 082 04$a200.9 100 1 $aBanna, Pierluigi.$0(OLS)http://pul/name/112763 245 12$aL'ambigua religiositą dei primi cristiani : $buna rilettura critica della teologia delle religioni alla luce delle fonti cristiane dei primi secoli /$cPierluigi Banna. 260 $aMilano :$bVita e pensiero,$c©2021. 300 $aXXIII, 606 p.;$c22 cm 490 1 $aTeologia e saperi ;$v04 502 $aTesi di dottorato--Facoltą Teologica dell'Italia Settentrionale, 2021, n.96. 650 4$aCristianesimo$ySec. I-IV.$0(OLS)http://pul/subject/8231 830 0$aTeologia e saperi (Vita e Pensiero) ;$v04.$0(OLS)http://pul/title/208440 850 $aPUL 852 $aPUL$W1$xDP1 Tesi Fac It.Settentrionale$y34$m2021 B 1$j198587$qTesi$B204407$CPULBib$Z2$F204407 $82 941 1 $a16 996 $6020$a978-88-343-4577-1*$9(OLS)http://pul/number/168861 996 $6082$a200.9$9(OLS)http://pul/classification/2577 996 $6245$aL'ambigua religiositą dei primi cristiani : $buna rilettura critica della teologia delle religioni alla luce delle fonti cristiane dei primi secoli$9(OLS)http://pul/title/216923 996 $6260$aMilano :$bVita e pensiero$9(OLS)http://pul/publisher/48016